[Event "7th Karpov"]
[Site "Poikovsky RUS"]
[Date "2006.03.19"]
[Round "2"]
[White "Zvjaginsev,V"]
[Black "Bareev,E"]
[Result "1/2-1/2"]
[WhiteElo "2664"]
[BlackElo "2698"]

1.e4 c6 2.d4 d5 3.e5 Bf5 4.Nd2 e6 5.Nb3 Nd7 6.Nf3 h5 7.Be2 Be7 8.O-O Nh6
9.Bd2 Rc8 10.Rc1 Bg6 11.c4 dxc4 12.Bxc4 Nb6 13.Be2 Nf5 14.Bd3 Nh4 15.Bxg6 Nxg6
16.Nc5 Rc7 17.Ne4 Qd5 18.Re1 Nc8 19.a3 h4 20.h3 Kf8 21.b4 Nb6 22.Qc2 Kg8
23.a4 Qd8 24.Qb3 Nd5 25.b5 cxb5 26.Qxb5 a6 27.Qb3 Ngf4 28.Kh2 Rxc1 29.Rxc1 b6
30.Rc6 g6 31.Bxf4 Nxf4 32.Rxb6 Kg7 33.Rxa6 Qc7 34.Rb6 Nd5 35.Rb7 Qc1 36.Nfd2 Qa1
37.Qc4 Ra8 38.Rb1 Qxa4 39.Qxa4 Rxa4 40.Nf3 Ra7 41.Kg1 Nf4 42.g3 Ra3 43.gxf4 Rxf3
44.Rb7 Kf8 45.Rb8+ Kg7 46.Rb7 Kf8 47.Rb8+ Kg7 48.Re8 Ba3 49.Kg2 Rxf4 50.f3 Bb2
51.Rd8 Kh6 52.Kf2 Kg7 53.Ke2 Kh6 54.Rd7 g5 55.Rd8 Kg7 56.Ke3 Bc1+ 57.Kf2 Bb2
58.Ke2 Kh6  1/2-1/2

[Event "7th Karpov"]
[Site "Poikovsky RUS"]
[Date "2006.03.21"]
[Round "4"]
[White "Ponomariov,R"]
[Black "Bareev,E"]
[Result "1/2-1/2"]
[WhiteElo "2723"]
[BlackElo "2698"]

1.e4 e6 2.d4 d5 3.Nc3 dxe4 4.Nxe4 Nd7 5.Nf3 Ngf6 6.Nxf6+ Nxf6 7.c3 c5 8.Ne5 a6
9.Be3 Qc7 10.Qa4+ Nd7 11.O-O-O cxd4 12.Nxd7 Bxd7 13.Qxd4 Bc6 14.Bc4 Rd8 15.Qg4 h5
16.Rxd8+ Qxd8 17.Qe2 Be7 18.Rd1 Qa5 19.f3  1/2-1/2

[Event "7th Karpov"]
[Site "Poikovsky RUS"]
[Date "2006.03.22"]
[Round "5"]
[White "Shirov,A"]
[Black "Zvjaginsev,V"]
[Result "1/2-1/2"]
[WhiteElo "2709"]
[BlackElo "2664"]

1.e4 c5 2.Nf3 Nc6 3.Bb5 e5 4.O-O Nge7 5.b4 cxb4 6.Bb2 Ng6 7.d4 exd4 8.Nxd4 Nxd4
9.Qxd4 Qg5 10.e5 Nf4 11.Qe4 a6 12.Bd3 Be7 13.Nd2 Nxd3 14.Qxd3 Qg6 15.Ne4 b5
16.Rae1 Bb7 17.Nf6+ Kf8 18.Nxd7+ Kg8 19.Qh3 h5 20.Re3 h4 21.f4 Qe6 22.Qxe6 fxe6
23.f5 Bc6  1/2-1/2

[Event "7th Karpov"]
[Site "Poikovsky RUS"]
[Date "2006.03.25"]
[Round "7"]
[White "Rublevsky,S"]
[Black "Sokolov,Iv"]
[Result "0-1"]
[WhiteElo "2665"]
[BlackElo "2689"]

1.e4 e5 2.Nf3 Nc6 3.Nc3 Nf6 4.Bb5 Bb4 5.O-O O-O 6.d3 d6 7.Bg5 Bxc3 8.bxc3 h6
9.Bh4 Kh8 10.d4 g5 11.Nxg5 hxg5 12.Bxg5 Rg8 13.f4 exf4 14.Bh4 Rg4 15.Qe1 Kg7
16.Bxc6 bxc6 17.e5 dxe5 18.dxe5 Qd5 19.Bxf6+ Kh7 20.Qe2 Qc5+ 21.Kh1 Qe3 22.Qd1 Be6
23.Rf3 Qe4 24.Qd2 Bd5 25.Rh3+ Kg6 26.Rg1 Rg8 27.c4 Qxc4 28.Qd3+ Qxd3 29.Rxd3 Kf5
30.Rd2 f3 31.h3 Rxg2 32.Rgxg2 fxg2+ 33.Kg1 Rb8 34.Rd1 Rb2 35.Rc1 Rxa2 36.Kh2 a5
37.h4 Kg4 38.Bd8 Ra3 39.Kg1 Rh3 40.Kf2 Rh1 41.Rg1 a4 42.Be7 Kh5  0-1

[Event "7th Karpov"]
[Site "Poikovsky RUS"]
[Date "2006.03.26"]
[Round "8"]
[White "Ponomariov,R"]
[Black "Zvjaginsev,V"]
[Result "1/2-1/2"]
[WhiteElo "2723"]
[BlackElo "2664"]

1.e4 d6 2.d4 Nf6 3.Nc3 g6 4.f4 Bg7 5.Nf3 O-O 6.Bd3 Na6 7.O-O c5 8.d5 Bg4
9.Kh1 Rb8 10.h3 Bxf3 11.Rxf3 Nc7 12.a4 a6 13.a5 e6 14.dxe6 Nxe6 15.Nd5 Nd4
16.Rf1 Nh5 17.Kh2 Nc6 18.Qd2 Re8 19.Ra4 Ne7 20.Nxe7+ Rxe7 21.b3 Qc7 22.Be2 Rbe8
23.Bxh5 gxh5 24.f5 Be5+ 25.Kh1 f6 26.Qh6 Bd4 27.Bd2 Rxe4 28.c3 Be3 29.Rxe4 Bxh6
30.Rxe8+ Kf7 31.Re2 Bxd2 32.Rxd2 Kg7 33.c4 Qxa5 34.Rxd6 b5 35.cxb5 axb5 36.Rc6 Qc3
37.Rf3 Qe1+ 38.Kh2 Qe5+ 39.Kh1 Qe1+  1/2-1/2

[Event "7th Karpov"]
[Site "Poikovsky RUS"]
[Date "2006.03.27"]
[Round "9"]
[White "Rublevsky,S"]
[Black "Bareev,E"]
[Result "1/2-1/2"]
[WhiteElo "2665"]
[BlackElo "2698"]

1.e4 e6 2.d4 d5 3.Nd2 c5 4.Ngf3 cxd4 5.exd5 Qxd5 6.Bc4 Qd6 7.O-O Nf6 8.Nb3 Nc6
9.Nbxd4 Nxd4 10.Nxd4 a6 11.Bb3 Bd7 12.c3 O-O-O 13.Qf3 Qc7 14.Bf4 Bd6 15.Bxd6 Qxd6
16.Rad1 Qc7 17.h3 Rhe8 18.Qe3 Qc5 19.Rfe1 h6 20.Qg3 Nh5 21.Re5 Qxd4 22.Rxh5 Qf6
23.Rh4 e5 24.Re4 Bc6 25.Rxd8+ Kxd8 26.Rg4 g5 27.Ba4 Bxa4 28.Rxa4 Re7 29.Ra5 Qe6
30.c4 Qxc4 31.Rxe5 Rxe5 32.Qxe5 Qxa2  1/2-1/2

[Event "7th Karpov"]
[Site "Poikovsky RUS"]
[Date "2006.03.27"]
[Round "9"]
[White "Zvjaginsev,V"]
[Black "Sokolov,Iv"]
[Result "1/2-1/2"]
[WhiteElo "2664"]
[BlackElo "2689"]

1.e4 e5 2.Nc3 Nf6 3.g3 Bc5 4.Bg2 d6 5.Nge2 Nc6 6.Na4 Be6 7.d3 Bd4 8.h3 Qe7
9.Nac3 Bb6 10.Nd5 Bxd5 11.exd5 Nd4 12.c3 Nxe2 13.Qxe2 Nd7 14.Bd2 f5 15.O-O-O O-O
16.f4 Rae8 17.fxe5 dxe5 18.Rdf1 e4 19.dxe4 fxe4 20.Rxf8+ Qxf8 21.Rf1 Qe7
22.Bf4 Nc5 23.Kc2 Qf7 24.Be3 Qxd5 25.Bxc5 Bxc5 26.Rf4 Qd3+ 27.Qxd3 exd3+  1/2-1/2